000 01022cab a2200277 4500
001 WB3313-01
008 090401t1997 xxu||||| |||| 00| 0 eng d
035 _a(Sirsi) u77415
041 _aeng
245 _aRent review
260 _c1997
350 _a0
490 _aEstates Gazette Case Summaries
_v[1997] EGCS 34 (22/3/97)
490 _aTimes
_v27 March 1997, 36(2)
520 _a"Turner v Stevenage BC" CA 6 March 1997. Arbitrator requested interim payment of fees from both parties. He banked the defendant`s cheque but returned it when it became clear the plaintiff`s party was unwilling to pay. Decision whether arbitrator guilty of misconduct. Action dismissed; plaintiff appealed. Appeal dismissed.
650 _aARBITRATION AGREEMENTS
650 _aARBITRATORS
650 _aINTERIM PAYMENT
650 _aMISCONDUCT
650 _aRENT REVIEW
650 _aRICS ARBITRATION SERVICE
650 _aTURNER V STEVENAGE BC
690 _aARBITRATION-CASE LAW
942 _n0
948 _c26/03/1997
999 _c48671
_d48671